home page   АИС "Историко-культурное наследие Беларуси"
  Базовый | Расширенный | Профессиональный | Словарь персоналий | Тематический словарь | По видам объектов История запросов  Заказы    Регистрация

Запись в MARC-формате

копировать MARC-запись

=LDR  00000nx\\c2200241\\\45\\
=001  BY-NLB-ar5346268
=005  20160330095636.8
=100  \\$a20121018abely50\\\\\\ca0
=152  \\$apsbo
=160  \\$ae-bw
=215  \\$aКасцёл Найсвяцейшай Тройцы (Росіца, вёска; Верхнядзвінскі раён)
=300  1\$aПомнік архітэктуры неараманскага стылю. Пабудаваны ў 1906 г. на месцы драўлянага храма 1778 г. Рэстаўрыраваны ў 1988 г.
=356  \\$aЗнаходзіцца ў цэнтры в. Росіца Верхнядзвінскага раёна Віцебскай вобласці.
=415  \\$aКасцёл Святой Тройцы (Росіца, вёска; Верхнядзвінскі раён)
=415  \\$aРосіцкі касцёл
=415  \\$aТроіцкі касцёл (Росіца, вёска; Верхнядзвінскі раён)
=515  \\$5w$3BY-NLB-ar5346338$aКостел Наисвятейшей Троицы (Росица, деревня; Верхнедвинский район)
=801  \0$aBY$bBY-HM0000$c20121018
=810  \\$aКаталіцкія храмы на Беларусі : энцыклапедычны даведнік / А. М. Кулагін. — Мінск, 2000.
=810  \\$aКаталіцкія храмы Беларусі / А. М. Кулагін. — Мінск, 2008.
=810  \\$aТуристская энциклопедия Беларуси. — Минск, 2007.
=999  \\$f2786 NLB-NDARD$t20121018
=999  \\$h1848 NLB-NDARD$t20121020

Чтобы вернуться назад, щелкните кнопку BACK на Вашем браузере